Statistiques concernant Quelques prénoms révolutionnaires en images !

Cliquez ici pour prendre le quiz!

Statistiques générales

  • Ce quiz a été pris 26 fois
  • Le résultat moyen est 21 sur 100

Statistiques - réponses

Réponse% Correct
Abricot
87%
Amande
87%
Citron
74%
Cerise
70%
Pêche
70%
Abeille
65%
Farine
65%
Fougère
65%
Artichaut
61%
Champignon
61%
Chêne
61%
Chou-fleur
61%
Oignon
57%
Orange
57%
Pomme
57%
Grenade
52%
Myrtille
52%
Pigeon
52%
Bouleau
48%
Navet
48%
Miel
43%
Safran
43%
Muguet
39%
Persil
39%
Persil
39%
Anémone
35%
Carpe
35%
Endive
35%
Menthe
35%
Poire
35%
Jonquille
30%
Prune
30%
Basilique
26%
Hercule
26%
Pensée
26%
Raiponce
26%
Raiponce
26%
Céleri
22%
Lilas
22%
Jasmin
17%
Rousseau
17%
Cicéron
13%
Egalité
13%
Franklin
13%
Millet
13%
Primevère
13%
Brutus
9%
Eglantine
9%
Epeautre
9%
Marat
9%
Navette
9%
Oseille
9%
Absinthe
4%
Angélique
4%
Balsamine
4%
Dagobert
4%
Floréal
4%
Fructidor
4%
Genièvre
4%
Germinal
4%
Gracchus
4%
Jacinthe
4%
Mélisse
4%
Montagnard
4%
Néflier
4%
Opinion
4%
Orme
4%
Romaine
4%
Sarcloir
4%
Scipion
4%
Tubéreuse
4%
Alisier
0%
Amaranthe
0%
Brumaire
0%
Capillaire
0%
Carline
0%
Charmille
0%
Chicorée
0%
Decadi
0%
Fénelon
0%
Fromental
0%
Garance
0%
Gentiane
0%
Hannibal
0%
Immortelle
0%
Léonidas
0%
Messidor
0%
Orphelin
0%
Patriote
0%
Pimprenelle
0%
Plantoir
0%
Raifort
0%
Républicain
0%
Révolutionnaire
0%
Salpêtre
0%
Serpolet
0%
Tell
0%
Valériane
0%
Valériane
0%
Xenophon
0%

Distribution des résultats

Percentile par nombre de réponses

% des personnes avec chaque résultat

Votre développement - résultats

Vous n’avez pas pris ce quiz